Statistics for European Cup winning teams from capital cities

Click here to take the quiz!

General Stats

  • This quiz has been taken 295 times
  • The average score is 5 of 6

Answer Stats

Number of winsAnswer% Correct
13Real Madrid
97%
1Chelsea
93%
4Ajax
86%
1Steaua București
69%
1Benfica
68%
1Red Star Belgrade
65%

Score Distribution

Percentile by Number Answered

Percent of People with Each Score

Your Score History

You have not taken this quiz